Countries of Africa by Images - Statistics

General Stats
  • This quiz has been taken 16 times
  • The average score is 13 of 16
Answer Stats
Picture Answer % Correct
Egypt
100%
Madagascar
100%
Algeria
92%
Ghana
92%
Morocco
92%
South Africa
92%
Tanzania
92%
Zambia
92%
Zimbabwe
92%
Ethiopia
85%
Seychelles
85%
Tunisia
85%
Rwanda
69%
Angola
62%
Mauritius
62%
Djibouti
46%
No matching quizzes found
Score Distribution
Percent of People with Each Score
Percentile by Number Answered
Your Score History
You have not taken this quiz